Statistics for Busiest London Underground Stations A-Z

Click here to take the quiz!

General Stats

  • This quiz has been taken 136 times
    (35 since last reset)
  • The average score is 10 of 22

Answer Stats

Visits Station % Correct
K97.92King's Cross St. Pancras
93%
W91.27Waterloo
83%
V79.36Victoria
83%
P48.82Paddington
76%
M61.80Monument (Bank)
69%
O84.09Oxford Circus
69%
B61.80Bank (Monument)
69%
E43.07Euston
62%
L69.05London Bridge
59%
G39.34Green Park
52%
T41.33Tottenham Court Road
41%
Q8.52Queensway
41%
H32.54Holborn
38%
A19.20Angel
38%
R11.45Russell Square
28%
S61.99Stratford
24%
C50.91Canary Wharf
24%
I1.17Ickenham
24%
F31.22Finsbury Park
21%
N28.15North Greenwich
14%
D6.08Dagenham Heathway
10%
U9.59Upton Park
7%

Score Distribution

Percentile by Number Answered

Percent of People with Each Score

Your Score History

You have not taken this quiz since the last reset